| 000 | 00631cam a2200253 4500 | ||
|---|---|---|---|
| 999 |
_c232454 _d232454 |
||
| 001 | 3669367 | ||
| 003 | Nust | ||
| 005 | 20190417061717.0 | ||
| 008 | 710928s1971 nyu 000 1 eng | ||
| 010 | _a 77152790 | ||
| 020 | _a0718109643 | ||
| 038 | _aArshad | ||
| 040 |
_aDLC _cDLC _dDLC |
||
| 050 | 0 | 0 |
_aPZ4.H151 _bWh _aPR9199.3.H3 |
| 082 | 0 | 0 |
_a813.54 _bHAI |
| 100 | 1 |
_aHailey, Arthur. _96719 |
|
| 245 | 1 | 0 | _aWheels. |
| 250 | _a[1st ed.] | ||
| 260 |
_aGarden City, N.Y., _bDoubleday, _c1971. |
||
| 300 |
_a414 p. _c25 cm. |
||
| 350 | _a$7.95 | ||
| 906 |
_a7 _bcbc _corignew _d2 _encip _f19 _gy-gencatlg |
||
| 942 |
_2ddc _cBK |
||